| 000 | 00786nam a2200277Ia 4500 | ||
|---|---|---|---|
| 003 | OSt | ||
| 005 | 20221005061844.0 | ||
| 006 | a|||||r|||| 00| 0 | ||
| 007 | ta | ||
| 008 | 221004b |||||||| |||| 00| 0 eng d | ||
| 020 |
_a9780415349802 (hbk) _c5259.80 |
||
| 024 | _a87190 | ||
| 037 |
_b11209, 12/12/2007, Overseas Press _cTextual |
||
| 040 |
_aCRL _cCRL _beng |
||
| 041 |
_2eng _aeng |
||
| 082 | _aP:(R), P7 | ||
| 100 | _aMiller Alexander | ||
| 245 | 0 | _aPhilosophy of language | |
| 250 | _a2nd | ||
| 260 |
_aLondon _bRoutledge UK _c2007 |
||
| 300 |
_axviii, 393p. _ccm. |
||
| 490 | _aFundamentals of philosophy | ||
| 650 | _aLINGUISTICS | ||
| 942 |
_hP:(R), P7 _cTEXL _2cc |
||
| 999 |
_c968813 _d968813 |
||